000 00590nas a2200229 4500
001 BR9704562
003 BR-BrBNA
005 20231205100536.0
007 ta
008 230509b bl.|||p| |||| 00| 00por d
040 _aBR-BrBNA
_bpor
_cBiblioteca Nacional de Agricultura
041 _a(Pt)
072 _aH20
100 1 _aAnon.
245 1 _aLeprose atinge niveis preocupantes
650 _aAcaro
650 _aLeprose
650 _aFruta
773 0 _tLaranja e Cia (Brazil)
_x
_g(1995), v. 41 p. 3
_wBR9704562
909 _a202311
_bLúcia
_c55
_dLúcia Elande
942 _2AGRIS
_n0
_cANA
999 _c156582
_d156582